01449nam a2200325 a 4500001001000000003000500010005001700015008004100032010001100073011001100084040000900095090001000104100004300114245017400157260004100331500006000372502011000432590004000542590004000582650004000622650003700662650003600699856007000735901000700805942001000812942000600822999001900828952014000847952013600987000111594CHAP20220329144221.0150618s2015 mx sm |||||||spa d a108055 a109027 cCHAP aTesis1 aGonzález Cruz, Alexis Javier912948710aControl quimico del gusano cogollero Spodoptera frugiperda (J.E. Smith) en el cultivo de maíz, en Yecapixtla, Morelosh[En línea]cpor Alexis Javier González Cruz. aChapingo, Méx. :bEl autor,c2015. aPara ver el contenido del material haga clic en la liga aTesis (Ing. Agr. Esp. en Parasitología Agrícola ) -- UACH. Departamento de Parasitología Agrícola aE5765TAJb05c20150618lUCH01h1238 aE5765TAJb05c20150618lUCH01h123814aGusano cogollero del maíz.95156114aInsecticidasxAnálisis.95885614aMaízxPlagasxControl.971035 aFinding aiduhttp://10.13.5.2/tesis/sist111594.pdfzTeclea aquí aBK cTESIS n0 c108055d108055 00102local4053708TESISaBCbBCcPA_TESISd2015-06-18fTESISl0oTesisp33724002503066r2019-12-31 00:00:00tc.2w2019-12-31yTESIS 00104054718TESISaBCbBCd2015-06-18fTESISl0oTesisp33724002503108r2019-12-31 00:00:00w2019-12-31yTESISzRecien adquirido